| 000 | 00489nam a2200181Ia 4500 | ||
|---|---|---|---|
| 001 | 9121 | ||
| 005 | 20260306160700.0 | ||
| 008 | 260306t2019||||xx |||||||||||||| ||spa|| | ||
| 041 | _aESP | ||
| 082 |
_a372.7 _bM26 |
||
| 100 |
_aMartínez Montero, Jaime _eAUT |
||
| 245 | 0 | _aEnriquecimiento de los aprendizajes matemáticos en infantil y primaria con el método ABN | |
| 260 | _c2019 | ||
| 300 |
_a188 páginas : _c24 cm. |
||
| 650 | _aGEN | ||
| 654 | _aCED | ||
| 942 |
_cLIB _dJUS _fJUS _2ddc _n |
||
| 999 |
_c9121 _d9121 |
||